Sports Quiz

Random Sports or Basketball Quiz

NBA Finals Scoring Leaders Quiz Stats

Quiz Updated Jun 30, 2017

Also try: NBA Finals MVPs
Challenge
Share
Tweet
Embed
Score 0/48 Timer 05:00
6 Plays Today
Year Player % Correct
2016LeBron James
99.3%
2013LeBron James
99.3%
2015LeBron James
99.3%
2014LeBron James
99.3%
2017Kevin Durant
97.5%
1998Michael Jordan
97%
1997 Michael Jordan
97%
1993 Michael Jordan
97%
1992 Michael Jordan
97%
1996 Michael Jordan
97%
1991 Michael Jordan
97%
2009Kobe Bryant
96.7%
2008 Kobe Bryant
96.7%
2010Kobe Bryant
96.7%
2004 Shaquille O'Neal
92.8%
2000Shaquille O'Neal
92.8%
2002 Shaquille O'Neal
92.8%
2006 Dwyane Wade
91.7%
2011Dwyane Wade
91.7%
1984Larry Bird
90.3%
1987Magic Johnson
89.9%
2005 Tim Duncan
89.8%
2003 Tim Duncan
89.8%
1999 Tim Duncan
89.8%
Year Player % Correct
2012Kevin Durant
86.7%
1980Kareem Abdul-Jabbar
84.4%
1974Kareem Abdul-Jabbar
84.4%
1971Lew Alcindor
82.5%
1995 Hakeem Olajuwon
81.2%
1994 Hakeem Olajuwon
81.2%
2001 Allen Iverson
76.3%
2007 Tony Parker
74.9%
1990 Isiah Thomas
73.9%
1981Moses Malone
69.2%
1983Moses Malone
69.2%
1970Jerry West
62.6%
1985Kevin McHale
61.1%
1986Kevin McHale
61.1%
1988James Worthy
61%
1977Julius Erving
58.2%
1989Joe Dumars
56.3%
1975Rick Barry
29.3%
1978Elvin Hayes
24.6%
1979Gus Williams
13.3%
1972Gail Goodrich
12.9%
1973Gail Goodrich
12.9%
1982Andrew Toney
7.3%
1976Alvan Adams
4.2%

You're not logged in!

Compare scores with friends on all Sporcle quizzes.
Sign Up with Email
OR
Log In

You Might Also Like...

Show Comments

Extras

Top Quizzes Today


Score Distribution

Your Account Isn't Verified!

In order to create a playlist on Sporcle, you need to verify the email address you used during registration. Go to your Sporcle Settings to finish the process.